| 000 | 00863nas a2200277 4500 | ||
|---|---|---|---|
| 001 | BR9901825 | ||
| 003 | BR-BrBNA | ||
| 005 | 20231205101347.0 | ||
| 007 | ta | ||
| 008 | 230509b bl.|||p| |||| 00| 00por d | ||
| 040 |
_aBR-BrBNA _bpor _cBiblioteca Nacional de Agricultura |
||
| 041 | _a(Pt) | ||
| 072 | _aM40 | ||
| 100 | 1 | _aMasunari, S. | |
| 100 | 1 | _aDubiaski-Silva, J. | |
| 245 | 1 | _aCrustacea decapoda da praia rochosa da Ilha do Farol, Matinhos, Parana; 2: distribuicao espacial de densidade das populacoes | |
| 650 | _aCrustaceo | ||
| 650 | _aEspecie | ||
| 650 | _aComprimento | ||
| 650 | _aCarapaca | ||
| 650 | _aDensidade Demografica | ||
| 650 | _aPARANÁ | ||
| 773 | 0 |
_tRevista Brasileira de Zoologia (Brazil) _xISSN 0101-8175 _g(Sep 1998), v. 15(3) p. 643-664 _wBR9901825 |
|
| 909 |
_a202311 _bLúcia _c55 _dLúcia Elande |
||
| 942 |
_2AGRIS _n0 _cANA |
||
| 999 |
_c161361 _d161361 |
||